The Amorites and the Bronze Age Near East : the making of a regional identity /

In this book, Aaron A. Burke explores the evolution of Amorite identity in the Near East from ca. 2500-1500 B.C. He sets the emergence of a collective identity for the Amorites, one of the most famous groups in ancient Near Eastern history, against the backdrop of both Akkadian imperial intervention...

Full description

Bibliographic Details
Main Author: Burke, Aaron A. (Author)
Format: Book
Language:English
Published: Cambridge ; New York : Cambridge University Press, 2021.
Subjects:

MARC

Tag First Indicator Second Indicator Subfields
LEADER 00000cam a2200000 i 4500
001 in00004396321
005 20210405085401.0
008 200528s2021 nyuab b 001 0 eng
010 |a  2020023259 
035 |a (OCoLC)on1156421508 
040 |a DLC  |e rda  |c DLC 
020 |a 9781108495967  |q hardback 
020 |a 1108495966  |q hardback 
020 |a 9781108811361  |q paperback 
020 |a 1108811361  |q paperback 
020 |z 9781108856461  |q (epub) 
043 |a a-sy---  |a aw----- 
050 0 0 |a DS72.5  |b .B87 2021 
082 0 0 |a 939.4/301  |2 23 
049 |a TXAM 
100 1 |a Burke, Aaron A.,  |e author. 
245 1 4 |a The Amorites and the Bronze Age Near East :  |b the making of a regional identity /  |c Aaron A. Burke, University of California, Los Angeles. 
264 1 |a Cambridge ;  |a New York :  |b Cambridge University Press,  |c 2021. 
300 |a xxiii, 432 pages :  |b illustrations, maps ;  |c 26 cm. 
336 |a text  |b txt  |2 rdacontent 
337 |a unmediated  |b n  |2 rdamedia 
338 |a volume  |b nc  |2 rdacarrier 
504 |a Includes bibliographical references and index. 
505 0 |a 1. Introduction : Amorites, their legacy, and the study of identity -- Communities at the margins : the origins of Amorite identity, 2500-2200 BC -- Beyond pastoralism : diaspora and opportunity, 2200-2000 BC -- Mercenaries and merchants : networks of political and economic power, 2000-1800 BC -- Competition and emulation : the Amorite koiné from Dilmun to Avaris, 1800-1550 BC -- Conclusion : Amorite identity in the long durée. 
520 |a In this book, Aaron A. Burke explores the evolution of Amorite identity in the Near East from ca. 2500-1500 B.C. He sets the emergence of a collective identity for the Amorites, one of the most famous groups in ancient Near Eastern history, against the backdrop of both Akkadian imperial intervention and declining environmental conditions during this period. Tracing the migration of Amorite refugees from agropastoral communities into nearby regions, he shows how mercenarism in both Mesopotamia and Egypt played a central role in the acquisition of economic and political power between 2100 and 1900 B.C. Burke also examines how the establishment of Amorite kingdoms throughout the Near East relied on traditional means of legitimation, and how trade, warfare and the exchange of personnel contributed to the establishment of an Amorite koiné. Offering a fresh approach to identity at different levels of social hierarchy over time and space, this volume contributes to broader questions related to identity for other ancient societies. 
650 0 |a Amorites. 
650 0 |a Bronze age  |z Middle East. 
651 0 |a Middle East  |x Antiquities. 
651 0 |a Syria  |x History  |y To 333 B.C. 
945 |b 793719 
947 |a A14851607573 
948 |a cataloged  |b h  |c 2021/4/5  |d c  |e dmitchel  |f 8:50:40 am 
994 |a 92  |b TXA 
999 f f |s 0df71703-d0e4-34d3-b58f-93e845cbc52f  |i 0e21c24a-74ec-3511-a4e7-6f7672b4fa44  |t 0 
952 f f |p normal  |a Texas A&M University  |b College Station  |c Sterling C. Evans Library  |d Evans: Library Stacks  |t 0  |e DS72.5 .B87 2021  |h Library of Congress classification  |i unmediated -- volume  |m A14851607573 
998 f f |a DS72.5 .B87 2021  |t 0  |l Evans: Library Stacks